| 000 | 00829nmm a2200265 a 4500 | ||
|---|---|---|---|
| 003 | AR-BaBNM | ||
| 005 | 20251128204014.0 | ||
| 008 | 027019s1973 ||||||||||||||000 | spa|| | ||
| 040 | _cAR-BaBNM | ||
| 110 | 2 | _aAcademia Nacional de la Historia [Argentina] | |
| 245 | 1 | 0 |
_aInvestigaciones y ensayos _n14 |
| 260 |
_aBuenos Aires _bAcademia Nacional de la Historia {Buenos Aires} _c1973 |
||
| 300 | 0 |
_a580 p. _bláms., mapas |
|
| 504 | _aContiene bibliografía para consultar a pie de página de cada trabajo | ||
| 650 | 4 | _aINVASIONES INGLESAS | |
| 650 | 4 | _aPERIODO INDEPENDIENTE | |
| 650 | 4 | _aPERIODO HISPANICO | |
| 650 | 4 | _aHISTORIA DE LA IGLESIA | |
| 650 | 4 | _aHISTORIA ECONOMICA | |
| 650 | 4 | _aHISTORIA SOCIAL | |
| 650 | 4 | _aHISTORIOGRAFIA ARGENTINA | |
| 650 | 4 | _aROSAS Y SU TIEMPO | |
| 942 | _cBK | ||
| 998 | _cmariana | ||
| 999 |
_c5789 _d5789 |
||